000 00945nam a2200265Ia 4500
003 OSt
005 20220927114935.0
006 a|||||r|||| 00| 0
007 ta
008 220926b |||||||| |||| 00| 0 eng d
024 _a49457
037 _cThesis and Dissertations
040 _aRTL
_cRTL
_beng
041 _2eng
_aeng
082 _a"X:89Q8.2.N9, N2"
100 _aWadhawan sunanda
_9389740
110 _aUniversity of Delhi. Faculty of Management. Deptt of commerce (Delhi Inida)
_9389741
245 0 _aRole of small groups under total quality managemen
260 _aDelhi
_bUniversity of Delhi India
_c1992
300 _a98p. Bibliography P 97-98
_ccm.
650 _aQuality Control
_9353933
700 _aUniversity of Delhi. Faculty of Management. Deptt of commerce (Delhi Inida)
_9389742
942 _h"X:89Q8.2.N9, N2"
_cCC
999 _c705281
_d705281